000 00524nam a2200157 a 4500
001 000033150
005 20200930070047.0
008 110818s1928 dr 000 0 spa d
040 _aDO-SdBNP
_bspa
_cBNPHU
082 _axxxx
_bD337
100 1 _aDelanoy, Oscar
_957393
245 1 3 _aLa política del momento :
_b(combatiendo la prorroga de poderes y la refleccion del presidente general Horacio Vásquez) /
_cOscar Delanoy.
260 _aSanto Domingo :
_bTip. Cojanlo,
_c1928.
300 _a123 p. ;
_c18 cm.
049 _aBNPD
999 _c32641
_d32641